Élete a népdal volt elhunyt Ág Tibor

Bibliographic Details
Format: Article
Language:Hungarian
PhysicalDescription:Fotogr.
ISSN:1335-6631
Subjects:

MARC

LEADER 00000nab a2200000 a 4500
001 vtls010540573
003 SK-MaSNL
005 20260318133132.0
008 130905|2013 xo w| 000 0|hun
015 |a SNBRB2013/09 
038 |a DSZK 
040 |a DSZK  |b slo  |c DSZK  |e AACR2 
041 0 |a hun 
044 |a xo  |c SK 
080 |a 781.7.071  |2 2001 
080 |a 398.8  |x (=511.141)  |x (437.6)  |2 2001 
080 |a 784.4  |x (=511.141)  |x (437.6)  |2 2001 
080 |a 929 Ág, Tibor  |2 2001 
245 0 0 |a Élete a népdal volt  |b elhunyt Ág Tibor  |c [szerző] (VIDA) 
300 |b Fotogr. 
600 1 7 |a Ág, Tibor,  |d 1928-2013  |2 dszk  |9 174546 
650 0 7 |a etnomuzikológovia  |2 dszk  |9 182304 
650 0 7 |a nekrológy  |2 dszk  |9 28957 
651 7 |a Veľký Meder (Slovensko)  |2 dszk  |9 19224 
773 0 |t Szabad újság  |g Évf. XX, sz. 36 (2013), o. 26  |x 1335-6631 
852 |a DSZK  |b KIS3GCP 
958 |a HU 
958 |a SK 
958 |a BX 
999 |c 2189363  |d 2191293